[Event "USCL Week 1"]
[Site "Internet Chess Club"]
[Date "2015.08.25"]
[Round "?"]
[White "Winer, Steven"]
[Black "Minear, Peter"]
[Result "1-0"]
[WhiteElo "2425"]
[BlackElo "2353"]
[PlyCount "61"]
[EventDate "2015.??.??"]

1. e4 e5 2. Nf3 Nc6 3. Bc4 Bc5 4. c3 Nf6 5. d3 a6 6. Bb3 Ba7 7. O-O d6 8. Re1
h6 9. Nbd2 O-O 10. h3 Ne7 11. Nf1 Ng6 12. Ng3 c6 13. d4 Re8 14. Bc2 Qc7 15. Be3
Be6 16. Nd2 Rad8 17. dxe5 Bxe3 18. exf6 Ba7 19. Nh5 Qb6 20. Re3 Qxb2 21. Rg3
Bxa2 22. Rxa2 Qxa2 23. Rxg6 Qb2 24. Rxg7+ Kh8 25. Qg4 Rg8 26. Qf4 Rxg7 27.
fxg7+ Kh7 28. Qf5+ Kg8 29. e5 Bxf2+ 30. Kxf2 Qb6+ 31. Kf3 1-0

[Event "USCL Week 1"]
[Site "Internet Chess Club"]
[Date "2015.08.25"]
[Round "?"]
[White "Arun, Siddharth"]
[Black "Garcia, Erick"]
[Result "1/2-1/2"]
[WhiteElo "2228"]
[BlackElo "2329"]
[PlyCount "61"]
[EventDate "2015.??.??"]

1. e4 e6 2. d4 d5 3. exd5 exd5 4. Nf3 Bd6 5. c4 Qe7+ 6. Qe2 dxc4 7. Qxe7+ Nxe7
8. Bxc4 O-O 9. Nc3 c6 10. O-O Bf5 11. Re1 h6 12. Ne5 Nd7 13. Bf4 Nb6 14. Bb3
Ned5 15. Nxd5 Nxd5 16. Bxd5 cxd5 17. Ng6 Bxg6 18. Bxd6 Rfd8 19. Bf4 Bf5 20. f3
Rac8 21. Rac1 Rxc1 22. Rxc1 Rc8 23. Rxc8+ Bxc8 24. Kf2 Kf8 25. Bd6+ Ke8 26. Ke3
h5 27. h4 f6 28. Kf4 Kf7 29. g4 g6 30. gxh5 gxh5 31. Bb8 1/2-1/2

[Event "USCL Week 1"]
[Site "Internet Chess Club"]
[Date "2015.08.25"]
[Round "?"]
[White "Gorovets, Andrey"]
[Black "Ynojosa, Felix"]
[Result "1-0"]
[WhiteElo "2617"]
[BlackElo "2471"]
[PlyCount "37"]
[EventDate "2015.??.??"]

1. d4 Nf6 2. Bf4 e6 3. e3 c5 4. Nf3 Nc6 5. Nbd2 d5 6. c3 Be7 7. Ne5 O-O 8. Bd3
Nd7 9. Ndf3 Ndxe5 10. dxe5 f5 11. h4 c4 12. Bc2 b5 13. g4 b4 14. gxf5 bxc3 15.
f6 gxf6 16. Nd4 cxb2 17. Bxh7+ Kh8 18. Qh5 bxa1=Q+ 19. Bb1+ 1-0

[Event "USCL Week 1"]
[Site "Internet Chess Club"]
[Date "2015.08.25"]
[Round "?"]
[White "Chandran, Kapil"]
[Black "Corallo, Michael"]
[Result "1-0"]
[WhiteElo "2420"]
[BlackElo "2359"]
[PlyCount "45"]
[EventDate "2015.??.??"]

1. e4 e5 2. Nf3 Nc6 3. d4 exd4 4. Nxd4 Bc5 5. Nb3 Bb6 6. Nc3 Nge7 7. Bg5 O-O 8.
Qd2 f6 9. Bh4 a5 10. Bb5 Ne5 11. f4 Nf7 12. O-O-O c6 13. Ba4 Bc7 14. Nd4 d5 15.
exd5 Nxd5 16. Nxd5 Qxd5 17. Bb3 Qh5 18. Bf2 Bg4 19. Rde1 a4 20. Be6 Rad8 21. f5
c5 22. h3 Bxf5 23. g4 1-0

[Event "USCL Week 1"]
[Site "Internet Chess Club"]
[Date "2015.08.25"]
[Round "?"]
[White "Leon, Isaac"]
[Black "Times, Lawyer"]
[Result "1/2-1/2"]
[WhiteElo "2278"]
[BlackElo "2239"]
[PlyCount "129"]
[EventDate "2015.??.??"]

1. d4 Nf6 2. c4 c5 3. d5 e6 4. Nc3 exd5 5. cxd5 d6 6. Nf3 g6 7. g3 Bg7 8. Bg2
O-O 9. O-O Re8 10. Nd2 a6 11. a4 Nbd7 12. h3 Rb8 13. Nc4 Nb6 14. Ne3 Bd7 15. a5
Nc8 16. Qd3 Qc7 17. Bd2 Na7 18. Rfc1 Bb5 19. Nxb5 Nxb5 20. Nc4 Qe7 21. e3 Nd7
22. f4 f5 23. Ra4 Nf6 24. Rf1 Qd7 25. Nb6 Qf7 26. b3 Re7 27. Bf3 Rbe8 28. Kg2
Ne4 29. Bxe4 fxe4 30. Qc4 Qf6 31. Ra2 Rf7 32. Bc1 Qe7 33. Raf2 h5 34. Bd2 Ref8
35. Qe2 Nc7 36. Be1 Qe8 37. g4 h4 38. Rg1 Qe7 39. g5 Rf5 40. Qc4 Qf7 41. Qxe4
Re8 42. Qf3 Nxd5 43. Nxd5 Rxd5 44. e4 Rd4 45. Re2 Qe6 46. Bxh4 Rxe4 47. Rxe4
Qxe4 48. Rd1 Qc2+ 49. Kf1 Bd4 50. Re1 Rxe1+ 51. Bxe1 Qf5 52. Bd2 d5 53. h4 Kg7
54. Ke2 Qe4+ 55. Qxe4 dxe4 56. Be3 Kf7 57. b4 Ke6 58. bxc5 Bxe3 59. Kxe3 Kf5
60. Kd4 Kxf4 61. h5 e3 62. hxg6 e2 63. g7 e1=Q 64. g8=Q Qa1+ 65. Kd3 1/2-1/2

[Event "USCL Week 1"]
[Site "Internet Chess Club"]
[Date "2015.08.25"]
[Round "?"]
[White "Gorman, Dov"]
[Black "Ivanov, Alexander"]
[Result "0-1"]
[WhiteElo "2403"]
[BlackElo "2628"]
[PlyCount "72"]
[EventDate "2015.??.??"]

1. d4 d6 2. Nf3 Bg4 3. c4 Nd7 4. Nc3 e5 5. e4 Bxf3 6. gxf3 Ne7 7. Be3 Ng6 8.
Qd2 Be7 9. O-O-O exd4 10. Qxd4 O-O 11. f4 f5 12. exf5 Nh4 13. Bh3 Bf6 14. Qd5+
Kh8 15. Ne4 Qe8 16. Ng5 Nb6 17. Qd3 Qa4 18. Bxb6 axb6 19. a3 b5 20. Ne6 bxc4
21. Qc2 Rfc8 22. Qxa4 Rxa4 23. Kc2 Ra5 24. Rhe1 h6 25. Re4 d5 26. Re3 c6 27.
Nd4 c5 28. Ne6 d4 29. Re5 d3+ 30. Kc1 Nf3 31. Rd5 d2+ 32. Kc2 c3 33. bxc3 Rxa3
34. Bg4 Rxc3+ 35. Kb1 Ra8 36. Rxc5 Ne1 0-1

[Event "USCL Week 1"]
[Site "Internet Chess Club"]
[Date "2015.08.25"]
[Round "?"]
[White "Studen, Damir"]
[Black "Kim, Yoon-Young"]
[Result "1-0"]
[WhiteElo "2344"]
[BlackElo "2240"]
[PlyCount "153"]
[EventDate "2015.??.??"]

1. d4 d5 2. c4 c6 3. Nf3 Nf6 4. Nc3 e6 5. Bg5 dxc4 6. g3 Nbd7 7. Bg2 Be7 8. O-O
O-O 9. Bxf6 Nxf6 10. Ne5 Qc7 11. Nxc4 b5 12. Ne5 Bb7 13. Rc1 c5 14. Nxb5 Qb6
15. Bxb7 Qxb7 16. Qa4 a6 17. Na3 cxd4 18. Nc6 Bxa3 19. Qxa3 e5 20. Nxe5 Rfe8
21. f4 Nd5 22. Qf3 f6 23. Nc4 Rad8 24. Rfd1 Qe7 25. Rxd4 Qc5 26. Qf2 Rxe2 27.
Qxe2 Qxd4+ 28. Kh1 Nb4 29. b3 Qd5+ 30. Kg1 Qd4+ 31. Qe3 Qxe3+ 32. Nxe3 Nxa2 33.
Rc7 Rd3 34. Nf5 g6 35. Nh6+ Kh8 36. Ng4 Rd6 37. Rf7 Kg8 38. Nh6+ Kh8 39. g4
Rd1+ 40. Kf2 Nc3 41. g5 fxg5 42. fxg5 Ne4+ 43. Ke2 Rd8 44. h4 Ng3+ 45. Kf3 Nf5
46. Rxf5 Rb8 47. Rf4 Rxb3+ 48. Kg4 Rb8 49. Ra4 Rb6 50. Nf7+ Kg7 51. Ne5 Rd6 52.
Kf4 Kf8 53. Rb4 Ke7 54. Rb7+ Ke6 55. Ke4 Rd1 56. Rb6+ Ke7 57. Rxa6 Re1+ 58. Kf4
Rf1+ 59. Nf3 Kf7 60. Ra7+ Kg8 61. Ke4 Rb1 62. Rd7 Ra1 63. Rd4 Rh1 64. Kd5 Rf1
65. Ne5 h6 66. Ke6 hxg5 67. hxg5 Rf5 68. Nxg6 Ra5 69. Ne5 Kg7 70. Rd7+ Kg8 71.
g6 Ra6+ 72. Kf5 Ra1 73. Ng4 Ra5+ 74. Kf6 Ra6+ 75. Kg5 Ra1 76. Nf6+ Kf8 77. Rf7#
1-0

[Event "USCL Week 1"]
[Site "Internet Chess Club"]
[Date "2015.08.25"]
[Round "?"]
[White "Rohde, Michael"]
[Black "Gurevich, Daniel"]
[Result "0-1"]
[WhiteElo "2531"]
[BlackElo "2449"]
[PlyCount "88"]
[EventDate "2015.??.??"]

1. Nf3 Nf6 2. c4 c5 3. Nc3 Nc6 4. d4 cxd4 5. Nxd4 e6 6. e4 Bc5 7. Nb3 Bb4 8.
Bd3 O-O 9. O-O d6 10. Bg5 h6 11. Bh4 Bxc3 12. bxc3 e5 13. Qd2 g5 14. Bg3 Be6
15. Rfd1 Qe7 16. Qe3 Nd7 17. Be2 Nc5 18. h4 f6 19. Rxd6 Qxd6 20. Nxc5 Bc8 21.
Rd1 Qe7 22. f3 b6 23. Nb3 Be6 24. Bf2 Rfd8 25. Rd5 Qf7 26. Qd2 Rac8 27. Be3 Kg7
28. Kf2 b5 29. hxg5 hxg5 30. Nc5 bxc4 31. Bxc4 Bxd5 32. Bxd5 Rd6 33. c4 Qe7 34.
Nd3 Nd4 35. c5 Rdd8 36. Nxe5 fxe5 37. Bxg5 Qxc5 38. Bf6+ Kxf6 39. Qh6+ Ke7 40.
Qg7+ Kd6 41. Qf6+ Ne6+ 42. Kf1 Qc1+ 43. Kf2 Rc2+ 44. Kg3 Qf4+ 0-1

[Event "USCL Week 1"]
[Site "Internet Chess Club"]
[Date "2015.08.25"]
[Round "?"]
[White "Paragua, Mark"]
[Black "Becerra, Julio"]
[Result "1/2-1/2"]
[WhiteElo "2638"]
[BlackElo "2616"]
[PlyCount "88"]
[EventDate "2015.??.??"]

1. d4 Nf6 2. c4 g6 3. Nc3 Bg7 4. e4 d6 5. Nf3 O-O 6. h3 c6 7. Bg5 e5 8. d5 Na6
9. Nd2 Bd7 10. Be2 Qb6 11. Rb1 Rfc8 12. O-O Qd8 13. b4 cxd5 14. exd5 Bf5 15.
Rb3 Nc7 16. Nde4 Nce8 17. c5 dxc5 18. bxc5 h6 19. Bxf6 Nxf6 20. Nd6 Rxc5 21.
Nxb7 Qf8 22. Nxc5 Qxc5 23. Qd2 Rd8 24. Rd1 Bf8 25. Rb5 Qa3 26. Qe3 Bc2 27. Rc1
a6 28. Rxc2 axb5 29. Qxe5 Bg7 30. Qc7 Qf8 31. d6 Rxd6 32. Nxb5 Rd7 33. Qc4 Qe7
34. Bf3 Qe5 35. a4 Bf8 36. Qc3 Qf5 37. Qc6 Qe5 38. g3 Qa1+ 39. Kg2 Qxa4 40. Rc4
Qa2 41. Nc3 Qb3 42. Nd5 Rd6 43. Nxf6+ Rxf6 44. Qxf6 Qxc4 1/2-1/2

[Event "USCL Week 1"]
[Site "Internet Chess Club"]
[Date "2015.08.25"]
[Round "?"]
[White "Wang, Qibiao"]
[Black "Fonseca, Miguel"]
[Result "1-0"]
[WhiteElo "2426"]
[BlackElo "2067"]
[PlyCount "93"]
[EventDate "2015.??.??"]

1. e4 b6 2. d4 Bb7 3. Nc3 e6 4. Bd3 Nf6 5. Nf3 Bb4 6. Qe2 d5 7. e5 Ne4 8. Bd2
Nxd2 9. Qxd2 Be7 10. Ne2 c5 11. c3 Nc6 12. O-O a5 13. Nf4 g6 14. Qe2 O-O 15. a3
Qc8 16. Rac1 Ba6 17. dxc5 Bxd3 18. Nxd3 bxc5 19. c4 Qa6 20. Qe3 d4 21. Qh6 Rfd8
22. Ng5 Bxg5 23. Qxg5 Qb6 24. f4 Rd7 25. Rf3 h5 26. f5 exf5 27. e6 Rd6 28. Re1
Qd8 29. e7 Qe8 30. Rxf5 Ra7 31. Rxc5 Rxe7 32. Rxe7 Nxe7 33. Qf4 Re6 34. Qxd4
Nc6 35. Qc3 Re2 36. Nf4 Re3 37. Qd2 Re4 38. h3 Rd4 39. Qf2 Qe4 40. Nd5 Rd1+ 41.
Kh2 Qe5+ 42. g3 h4 43. Nf6+ Qxf6 44. Qxf6 Rd2+ 45. Kg1 Rd1+ 46. Kg2 hxg3 47.
Rxc6 1-0

[Event "USCL Week 1"]
[Site "Internet Chess Club"]
[Date "2015.08.25"]
[Round "?"]
[White "Stukopin, Andrey"]
[Black "Moradiabadi, Elshan"]
[Result "1/2-1/2"]
[WhiteElo "2682"]
[BlackElo "2647"]
[PlyCount "77"]
[EventDate "2015.??.??"]

1. e4 e6 2. d4 d5 3. Nc3 Nf6 4. Bg5 dxe4 5. Nxe4 Be7 6. Bxf6 gxf6 7. Nf3 f5 8.
Nc3 a6 9. Qe2 b5 10. O-O-O b4 11. Na4 Qd5 12. Qc4 Qxc4 13. Bxc4 Bd7 14. Bb3 Nc6
15. Nc5 Bxc5 16. dxc5 O-O-O 17. Ng5 Be8 18. Ba4 Rxd1+ 19. Rxd1 Nd8 20. Bxe8
Rxe8 21. f4 h6 22. Nf3 Nc6 23. Rd3 f6 24. g3 e5 25. Nh4 exf4 26. gxf4 Re4 27.
Nxf5 Rxf4 28. Nxh6 Rh4 29. Ng8 f5 30. h3 a5 31. Nf6 Kb7 32. a3 Ne5 33. Re3 Nc4
34. Rf3 bxa3 35. bxa3 Kc6 36. a4 f4 37. Ng4 Kxc5 38. c3 Nb6 39. Kc2 1/2-1/2

[Event "USCL Week 1"]
[Site "Internet Chess Club"]
[Date "2015.08.25"]
[Round "?"]
[White "Yanovsky, Vlad"]
[Black "Checa, Nicolas"]
[Result "0-1"]
[WhiteElo "2229"]
[BlackElo "2436"]
[PlyCount "144"]
[EventDate "2015.??.??"]

1. e4 e6 2. d4 d5 3. Nd2 Nc6 4. Ngf3 Nf6 5. e5 Nd7 6. Bb5 a6 7. Bxc6 bxc6 8. c4
a5 9. O-O Be7 10. Qc2 Ba6 11. Re1 O-O 12. b3 Re8 13. Nf1 dxc4 14. bxc4 c5 15.
d5 exd5 16. cxd5 Nb6 17. e6 f6 18. Ne3 Nxd5 19. Nxd5 Qxd5 20. Bf4 Bd3 21. Qa4
c6 22. Rad1 c4 23. Rc1 Bb4 24. Bd2 Bf8 25. Bc3 Qb5 26. Qd1 Ba3 27. Ra1 Qd5 28.
Nd4 Bb4 29. Qc1 c5 30. Nb5 Qc6 31. a4 Rad8 32. Qe3 Bg6 33. Qf4 Rxe6 34. Qxc4
Bf7 35. Qg4 Rde8 36. Rxe6 Qxe6 37. Qg3 Bxc3 38. Qxc3 Qe5 39. h3 Qxc3 40. Nxc3
Rd8 41. Rb1 Be8 42. Rb7 Rd3 43. Ne4 c4 44. Rc7 Rd4 45. Nc5 h5 46. Rc8 Kf7 47.
Rc7+ Kg8 48. Rc8 Kf7 49. Rc7+ Kg6 50. Ne6 Rd1+ 51. Kh2 Bxa4 52. g4 hxg4 53.
hxg4 Bb3 54. f4 f5 55. g5 Kh5 56. Nxg7+ Kg4 57. g6 Rd2+ 58. Kg1 Rd6 59. Rc5
Rxg6 60. Nxf5 a4 61. Kf2 Kxf4 62. Ne3 a3 63. Ra5 a2 64. Nd5+ Ke4 65. Nc3+ Kd3
66. Nxa2 Bxa2 67. Rxa2 c3 68. Ra8 c2 69. Rd8+ Kc3 70. Rc8+ Kd2 71. Rd8+ Kc1 72.
Ke2 Rb6 0-1

[Event "USCL Week 1"]
[Site "Internet Chess Club"]
[Date "2015.08.25"]
[Round "?"]
[White "Davisson, Richard"]
[Black "Hobosyan, Mkhitar"]
[Result "0-1"]
[WhiteElo "1900"]
[BlackElo "1930"]
[PlyCount "144"]
[EventDate "2015.??.??"]

1. e4 c6 2. c4 d5 3. cxd5 cxd5 4. exd5 Nf6 5. Nc3 Nxd5 6. Nf3 Nc6 7. Bb5 Nxc3
8. bxc3 Bd7 9. d4 e6 10. O-O Be7 11. Re1 O-O 12. Bd3 Bf6 13. Ba3 Re8 14. Bd6
Ne7 15. Be5 Nd5 16. c4 Bxe5 17. Nxe5 Nf6 18. Qf3 Bc6 19. Nxc6 bxc6 20. Rad1 Qb6
21. Be4 Nxe4 22. Qxe4 g6 23. d5 exd5 24. Qc2 Qb4 25. Re3 Rxe3 26. fxe3 Qxc4 27.
Qxc4 dxc4 28. Rd4 Rb8 29. Rxc4 Rb1+ 30. Kf2 Rb2+ 31. Kf3 Rxa2 32. Rxc6 Rb2 33.
Ra6 Rb7 34. e4 Kf8 35. h4 Ke8 36. g4 Kd8 37. h5 Kc8 38. hxg6 hxg6 39. e5 Re7
40. Ke4 Kb7 41. Ra3 Kb6 42. Kd5 a5 43. Kd6 Re6+ 44. Kd5 Kb5 45. Rb3+ Ka6 46.
Rf3 Re7 47. Kd6 Rb7 48. Kc5 a4 49. Rf6+ Ka5 50. e6 fxe6 51. Rxe6 Rb5+ 52. Kc4
Rb4+ 53. Kc3 Rxg4 54. Re5+ Kb6 55. Rd5 a3 56. Kb3 Rg3+ 57. Ka2 Kc6 58. Ra5 g5
59. Ra8 Kd5 60. Rd8+ Ke4 61. Re8+ Kf5 62. Rf8+ Kg4 63. Rh8 Rf3 64. Rh1 Kf4 65.
Rh8 g4 66. Kb1 Rf2 67. Rf8+ Kg3 68. Rh8 Kg2 69. Rh4 g3 70. Rh5 Kg1 71. Rh3 g2
72. Kc1 a2 0-1

[Event "USCL Week 1"]
[Site "Internet Chess Club"]
[Date "2015.08.25"]
[Round "?"]
[White "Salisbury, John"]
[Black "Kumar, Aravind"]
[Result "1/2-1/2"]
[WhiteElo "1990"]
[BlackElo "2286"]
[PlyCount "158"]
[EventDate "2015.??.??"]

1. e4 c6 2. d4 d5 3. exd5 cxd5 4. c4 Nf6 5. Nc3 e6 6. c5 b6 7. b4 a5 8. Na4
bxc5 9. bxc5 Nfd7 10. Bb5 Ba6 11. Qe2 Bxb5 12. Qxb5 Qc7 13. Nf3 Qc6 14. Rb1 Be7
15. O-O O-O 16. Re1 Bf6 17. Bf4 Rd8 18. Bd2 Qxb5 19. Rxb5 Nc6 20. Bc3 h5 21. h4
Kh7 22. Re2 Kg6 23. Nb6 Ra6 24. Reb2 Kf5 25. Nxd7 Rxd7 26. Rb6 Rxb6 27. Rxb6
Rc7 28. Ra6 Ke4 29. Bxa5 Nxa5 30. Rxa5 Bxd4 31. Nd2+ Kd3 32. Nb3 e5 33. c6 Kc4
34. Nd2+ Kd3 35. Nb3 Ke2 36. Nc1+ Kd2 37. Nb3+ Ke2 38. Nc1+ Ke1 39. Nd3+ Kd2
40. Nxe5 Ke2 41. Rxd5 Bxf2+ 42. Kh2 f6 43. Nf3 Rxc6 44. Nd4+ Bxd4 45. Rxd4 Ke3
46. Rb4 Rc2 47. a4 Ra2 48. Kh3 Ra3 49. Kh2 f5 50. Rc4 g6 51. Rb4 Kf2 52. Rf4+
Ke3 53. Rb4 Ke2 54. Rc4 Kd2 55. Rb4 Kd3 56. Rf4 Ke2 57. Rb4 Ke3 58. Rc4 Ra2 59.
Rb4 f4 60. Rc4 Ra3 61. Rb4 Ra1 62. Rc4 Ra2 63. Rb4 Ra3 64. Rc4 Ra1 65. Rb4 Ra2
66. Rc4 Rd2 67. Rb4 Rc2 68. Rb3+ Ke4 69. Ra3 Rc6 70. a5 Ra6 71. Kg1 Kf5 72. Kf2
Kg4 73. Ra4 Kxh4 74. Rxf4+ Kg5 75. Ra4 Kf5 76. Kg3 g5 77. Kh3 Ke5 78. Kg3 Kd5
79. Kf3 Ke5 1/2-1/2

[Event "USCL Week 1"]
[Site "Internet Chess Club"]
[Date "2015.08.25"]
[Round "?"]
[White "Almeida, Alfonso"]
[Black "Breckenridge, Steven"]
[Result "1-0"]
[WhiteElo "2406"]
[BlackElo "2414"]
[PlyCount "133"]
[EventDate "2015.??.??"]

1. d4 Nf6 2. Bg5 e6 3. Nd2 c5 4. e4 cxd4 5. Ngf3 Nc6 6. e5 h6 7. Bh4 g5 8. Bg3
Nh5 9. Bb5 Bg7 10. Qe2 Nxg3 11. hxg3 d5 12. Nxd4 Qb6 13. N4b3 Bd7 14. Bxc6 Bxc6
15. f4 a5 16. Qf2 Qxf2+ 17. Kxf2 f6 18. Nd4 Bd7 19. exf6 Bxf6 20. N2f3 Ke7 21.
Rae1 Kd6 22. c3 Raf8 23. Ke3 Rfg8 24. Rh2 h5 25. Reh1 Be8 26. Kf2 gxf4 27. gxf4
Rg4 28. Re1 Bf7 29. g3 h4 30. Nxh4 Bxh4 31. Rxh4 Rhxh4 32. gxh4 Rxf4+ 33. Kg3
e5 34. Nf3 Rf5 35. Kg4 Be6 36. Kg3 Bd7 37. Ng5 b5 38. Re2 b4 39. Rf2 bxc3 40.
bxc3 Kc5 41. Rb2 Rf4 42. Rb7 Rg4+ 43. Kf2 Bf5 44. Rc7+ Kd6 45. Rf7 Bb1 46. Rf6+
Kc5 47. Nf3 Bxa2 48. h5 Bb1 49. Nxe5 Rg5 50. Nd7+ Kc4 51. Rc6+ Kd3 52. h6 Kd2
53. Nf6 Be4 54. c4 Rf5+ 55. Kg3 Rxf6 56. Rxf6 dxc4 57. Rd6+ Kc3 58. Kf4 Bc2 59.
Ra6 Kb4 60. Ke3 a4 61. Kd2 Be4 62. Rb6+ Kc5 63. Re6 Bb1 64. Kc3 a3 65. Ra6 Kd5
66. Rxa3 Ke6 67. Ra7 1-0

[Event "USCL Week 1"]
[Site "Internet Chess Club"]
[Date "2015.08.25"]
[Round "?"]
[White "Narayanan, Saumik"]
[Black "Morshedi, Ali"]
[Result "0-1"]
[WhiteElo "1949"]
[BlackElo "2328"]
[PlyCount "50"]
[EventDate "2015.??.??"]

1. d4 Nf6 2. c4 c5 3. d5 e5 4. Nc3 d6 5. e4 Be7 6. Nf3 Nbd7 7. Bd3 O-O 8. O-O
Ne8 9. a3 g6 10. Bc2 Ng7 11. Qe2 f5 12. b4 f4 13. Ba4 g5 14. Bxd7 Bxd7 15. bxc5
g4 16. Ne1 Rf6 17. f3 g3 18. hxg3 Nh5 19. gxf4 exf4 20. Qc2 Rg6 21. Ne2 Bf6 22.
Rb1 Be5 23. Rf2 Qh4 24. Kf1 Qh1+ 25. Ng1 Ng3# 0-1

[Event "USCL Week 1"]
[Site "Internet Chess Club"]
[Date "2015.08.25"]
[Round "?"]
[White "Kiewra, Keaton"]
[Black "Flores, Mauricio"]
[Result "0-1"]
[WhiteElo "2518"]
[BlackElo "2565"]
[PlyCount "106"]
[EventDate "2015.??.??"]

1. d4 Nf6 2. Nf3 g6 3. Bg5 Bg7 4. Nbd2 O-O 5. c3 d5 6. e3 Nbd7 7. Be2 h6 8. Bh4
g5 9. Bg3 Nh5 10. Be5 f6 11. Bg3 Nxg3 12. hxg3 Nb6 13. c4 dxc4 14. Nxc4 Be6 15.
Rc1 c6 16. O-O Nxc4 17. Bxc4 Bxc4 18. Rxc4 Qd5 19. Qb3 Rfd8 20. Rfc1 Rd7 21.
Qc2 Rad8 22. a4 Qf7 23. b4 e6 24. b5 cxb5 25. axb5 Bf8 26. Qa2 b6 27. Rc6 Bd6
28. Nd2 e5 29. d5 Bf8 30. e4 f5 31. Qc2 Bg7 32. exf5 Qxd5 33. Ne4 Qxb5 34. Rg6
Kh8 35. Kh2 Qd3 36. Qc6 Qd5 37. g4 Qxc6 38. Rcxc6 b5 39. Nc5 Rf7 40. Rge6 b4
41. Ra6 Bf8 42. Ne4 b3 43. Rxe5 Rb7 44. Ra1 b2 45. Rb1 Rc8 46. Rd5 Rc1 47. Nd2
Bg7 48. f4 Bc3 49. Rxb2 Rxb2 50. Rd8+ Kh7 51. Rd7+ Kg8 52. Ne4 gxf4 53. f6 Rbb1
0-1

[Event "USCL Week 1"]
[Site "Internet Chess Club"]
[Date "2015.08.25"]
[Round "?"]
[White "Nagle, Sean"]
[Black "Djordjevic, Steven"]
[Result "1/2-1/2"]
[WhiteElo "2542"]
[BlackElo "2366"]
[PlyCount "68"]
[EventDate "2015.??.??"]

1. Nf3 d5 2. d4 e6 3. c4 c6 4. Qc2 Nf6 5. Bg5 Qa5+ 6. Bd2 Bb4 7. e3 Bxd2+ 8.
Nbxd2 O-O 9. Bd3 dxc4 10. Bxc4 Nbd7 11. O-O e5 12. Qc3 Qxc3 13. bxc3 exd4 14.
cxd4 c5 15. e4 cxd4 16. e5 Ne8 17. Rfe1 Nc5 18. Nxd4 Nc7 19. Ne4 Nxe4 20. Rxe4
Bd7 21. f4 g6 22. Rf1 Ne6 23. Nb5 Bxb5 24. Bxb5 Rad8 25. Bc4 Nc5 26. Re2 Rd4
27. Rc2 b6 28. f5 Re4 29. e6 fxe6 30. fxe6 Rxf1+ 31. Kxf1 Nxe6 32. Bd5 Re5 33.
Rc8+ Kf7 34. Rc7+ Kf6 1/2-1/2

[Event "USCL Week 1"]
[Site "Internet Chess Club"]
[Date "2015.08.25"]
[Round "?"]
[White "Watson, John"]
[Black "Tang, Andrew"]
[Result "0-1"]
[WhiteElo "2340"]
[BlackElo "2475"]
[PlyCount "98"]
[EventDate "2015.??.??"]

1. d4 d5 2. c4 e6 3. Nc3 Be7 4. Nf3 Nf6 5. Bf4 O-O 6. e3 Nbd7 7. Be2 dxc4 8.
O-O c5 9. dxc5 Nxc5 10. Bxc4 Qxd1 11. Rfxd1 a6 12. Ne5 Re8 13. Be2 b5 14. Bf3
Bb7 15. Bxb7 Nxb7 16. Nc6 Bf8 17. Bg5 Rac8 18. Na7 Rc7 19. Rac1 Ra8 20. Bf4 Rc4
21. b3 Rc5 22. e4 Rxa7 23. Be3 b4 24. Bxc5 Nxc5 25. Na4 Nxa4 26. bxa4 Nxe4 27.
Rc8 Nf6 28. Rdd8 Nd7 29. Rc6 g6 30. Rd6 Nf6 31. Rc6 Kg7 32. a5 Ne4 33. Kf1 Nc3
34. a3 Nd5 35. axb4 Bxb4 36. g4 Bxa5 37. Rdd6 Bb6 38. Rxd5 exd5 39. Rxb6 a5 40.
Rb3 a4 41. Ra3 g5 42. Ke2 Kf6 43. Kf3 Ke5 44. Ke3 d4+ 45. Kd3 Kd5 46. h3 h6 47.
f3 Ra6 48. Ra1 a3 49. Ra2 Ra5 0-1

[Event "USCL Week 1"]
[Site "Internet Chess Club"]
[Date "2015.08.26"]
[Round "?"]
[White "Banik, Siddharth"]
[Black "Swindell, Shawn"]
[Result "1-0"]
[WhiteElo "2258"]
[BlackElo "2088"]
[PlyCount "39"]
[EventDate "2015.??.??"]

1. e4 d5 2. exd5 Qxd5 3. Nc3 Qd6 4. d4 Nf6 5. Nf3 a6 6. Bc4 b5 7. Bb3 Bb7 8.
Bg5 Nbd7 9. Qe2 g6 10. Ne5 e6 11. Bxf6 Nxf6 12. Nxb5 Qb4+ 13. Nc3 Be7 14. O-O-O
O-O 15. Rhe1 Rad8 16. Nxf7 Rxf7 17. Qxe6 Nd5 18. Nxd5 Bxd5 19. Bxd5 Rxd5 20.
Qxd5 1-0

[Event "USCL Week 1"]
[Site "Internet Chess Club"]
[Date "2015.08.26"]
[Round "?"]
[White "Korley, Kassa"]
[Black "Shmelov, Denys"]
[Result "1-0"]
[WhiteElo "2485"]
[BlackElo "2444"]
[PlyCount "81"]
[EventDate "2015.??.??"]

1. d4 d5 2. Nf3 Nf6 3. c4 c6 4. e3 Bf5 5. Nc3 e6 6. h3 Nbd7 7. g4 Bg6 8. Nh4
Ne4 9. Nxg6 Nxc3 10. bxc3 hxg6 11. Rb1 b6 12. cxd5 cxd5 13. c4 dxc4 14. Bxc4
Bd6 15. Bd2 g5 16. Qf3 Rc8 17. Bd3 Qf6 18. Qe4 Qe7 19. Ke2 g6 20. Rbc1 O-O 21.
Qb7 Rb8 22. Qg2 Rfc8 23. h4 Rxc1 24. Bxc1 gxh4 25. g5 Kg7 26. Rxh4 Rh8 27. Rxh8
Kxh8 28. f4 Qd8 29. Qh3+ Kg7 30. Qh6+ Kg8 31. Bxg6 fxg6 32. Qxg6+ Kf8 33. Qxe6
Qe7 34. Qxe7+ Kxe7 35. e4 b5 36. e5 Bb8 37. g6 a5 38. Kd3 Nb6 39. f5 Nd5 40.
Bg5+ Kf8 41. f6 1-0

[Event "USCL Week 1"]
[Site "Internet Chess Club"]
[Date "2015.08.26"]
[Round "?"]
[White "Williams, Chris"]
[Black "Balleisen, Aaron"]
[Result "1-0"]
[WhiteElo "2334"]
[BlackElo "2282"]
[PlyCount "77"]
[EventDate "2015.??.??"]

1. c4 Nf6 2. d4 e6 3. Nf3 b6 4. g3 Bb7 5. Bg2 Bb4+ 6. Bd2 a5 7. O-O O-O 8. Nc3
d6 9. Rc1 Nbd7 10. a3 Bxc3 11. Bxc3 a4 12. d5 e5 13. Qc2 b5 14. cxb5 Bxd5 15.
Bd2 Nc5 16. Bg5 h6 17. Be3 Ne6 18. Bh3 Be4 19. Qd1 Nd5 20. Bd2 Qd7 21. Nh4 Qxb5
22. f3 Bh7 23. e4 Qb6+ 24. Rf2 Ne7 25. Qf1 Nd4 26. Be3 c5 27. g4 Ne6 28. Qd1 g5
29. Nf5 Bxf5 30. gxf5 Nd4 31. Bxd4 cxd4 32. Bf1 Rfc8 33. Rxc8+ Nxc8 34. f4 Qd8
35. fxg5 hxg5 36. f6 Qf8 37. Qh5 Ra7 38. Qxg5+ Kh7 39. Rf3 1-0

[Event "USCL Week 1"]
[Site "Internet Chess Club"]
[Date "2015.08.26"]
[Round "?"]
[White "Bozkurt, Ilker"]
[Black "Bolat, Ahmet"]
[Result "0-1"]
[WhiteElo "2393"]
[BlackElo "2380"]
[PlyCount "116"]
[EventDate "2015.??.??"]

1. Nf3 c5 2. e4 Nc6 3. d4 cxd4 4. Nxd4 Qb6 5. Nb3 Nf6 6. Nc3 e6 7. Bd3 a6 8.
O-O Be7 9. Kh1 h5 10. Qe2 Qc7 11. Bd2 b5 12. a3 Bb7 13. Rae1 b4 14. axb4 Nxb4
15. Ra1 d5 16. e5 Ne4 17. Nxe4 dxe4 18. Bxe4 Qxe5 19. Bxb4 Qxe4 20. Qxe4 Bxe4
21. Bxe7 Kxe7 22. Nc5 Bxc2 23. Rfc1 Bf5 24. Nxa6 Rhc8 25. Rxc8 Rxc8 26. b4 Ra8
27. Ra5 Kd6 28. h4 Bd3 29. Nc5 Rxa5 30. Nb7+ Kc6 31. Nxa5+ Kb5 32. Nb7 Kxb4 33.
Nd6 Bg6 34. Ne8 Kc5 35. Nxg7 Kd6 36. Ne8+ Ke7 37. Nc7 Bd3 38. Na8 Kd6 39. Nb6
Bb5 40. Nc8+ Kd7 41. Na7 Bd3 42. g4 Kc7 43. gxh5 Kb7 44. Kg2 Kxa7 45. Kf3 f6
46. Ke3 Bb1 47. h6 Kb7 48. Kf4 Kc7 49. Kg4 Kd7 50. h7 Bxh7 51. Kh5 Kd6 52. Kh6
Bd3 53. h5 Ke5 54. Kg7 Kf5 55. h6 Kg5 56. f4+ Kxf4 57. Kxf6 e5 58. Ke6 Bh7 0-1

[Event "USCL Week 1"]
[Site "Internet Chess Club"]
[Date "2015.08.26"]
[Round "?"]
[White "Niemann, Hans"]
[Black "Jacobson, Aaron"]
[Result "1-0"]
[WhiteElo "2296"]
[BlackElo "2211"]
[PlyCount "119"]
[EventDate "2015.??.??"]

1. d4 Nf6 2. c4 e6 3. Nf3 d5 4. g3 Be7 5. Bg2 O-O 6. O-O dxc4 7. Qc2 a6 8. a4
Bd7 9. Qxc4 Bc6 10. Bg5 Bd5 11. Qc2 Be4 12. Qd2 c5 13. dxc5 Bxc5 14. Qf4 Bc6
15. Nc3 h6 16. Bxf6 Qxf6 17. Qxf6 gxf6 18. Ne1 Rd8 19. Nd3 Be7 20. Rfd1 Bxg2
21. Kxg2 Nc6 22. Ne4 Nd4 23. Nc3 Nb3 24. Rab1 f5 25. Ne5 Bf6 26. Nc4 Rxd1 27.
Rxd1 Rc8 28. Nd6 Rc6 29. Nxb7 Rc7 30. Nd6 Bxc3 31. bxc3 Rxc3 32. e4 fxe4 33.
Nxe4 Rc4 34. Nf6+ Kg7 35. Nh5+ Kg6 36. Nf4+ Kf6 37. Rd7 Rxa4 38. Nh5+ Kg5 39.
Nf4 Kf6 40. Nh5+ Kg5 41. Nf4 e5 42. Nd5 Rd4 43. h4+ Kf5 44. Rd6 a5 45. Ne3+ Ke4
46. Rxh6 a4 47. Ra6 Nc5 48. Ra5 Ne6 49. Ra8 Kd3 50. h5 Ng5 51. Ra5 Re4 52. h6
Kc3 53. Nd5+ Kb2 54. Nf6 Rc4 55. Rxe5 Ne6 56. h7 Rc8 57. Ng8 a3 58. h8=Q a2 59.
Rb5+ Kc2 60. Qb2+ 1-0